Effect Of Some Personality Factors And Burnoutness Of The Professional Adjustment Of School Teachers/ (Record no. 202701)

MARC details
000 -LEADER
fixed length control field 00625 a2200181 4500
005 - DATE AND TIME OF LATEST TRANSACTION
control field 20240506145833.0
010 ## - LCCN (DPL NO)
LC control number ENG-140301
020 ## - INTERNATIONAL STANDARD BOOK NUMBER
International Standard Book Number 9789392568527
Terms of availability 400.00
035 ## - SYSTEM CONTROL NUMBER
System control number EN-123833
037 ## - SOURCE OF ACQUISITION
Source of stock number/acquisition DBAD
082 14 - DEWEY DECIMAL CLASSIFICATION NUMBER
Classification number 371.1024
100 1# - MAIN ENTRY--PERSONAL NAME
Personal name Gupta Tanuja
245 1# - TITLE STATEMENT
Title Effect Of Some Personality Factors And Burnoutness Of The Professional Adjustment Of School Teachers/
Statement of responsibility, etc By Tanuja Gupta
260 ## - PUBLICATION, DISTRIBUTION, ETC. (IMPRINT)
Place of publication, distribution, etc Raipur
Name of publisher, distributor, etc Aditi Publication
Date of publication, distribution, etc 2023
270 ## - ADDRESS
Address Opp.New Panchajanya Vidya Mandir, Near Tiranga Chock,
City Chhattisgarh
300 ## - PHYSICAL DESCRIPTION
Extent xxiiip.
Dimensions 20cm(Hb)
942 ## - ADDED ENTRY ELEMENTS (KOHA)
Institution code [OBSOLETE] dpl
Item type English Books
Source of classification or shelving scheme Dewey Decimal Classification
Classification part 371.1024
Call number suffix GUP
Holdings
Withdrawn status Lost status Not for loan Collection code Home library Current library Date acquired Source of acquisition Cost, normal purchase price Full call number Barcode Copy number Cost, replacement price Koha item type
      Non-fiction Ashok Vihar Ashok Vihar 06/05/2024 DBAD 400.00 371.1024 GUP EN-123833 1 400.00 English Books

© Delhi Public Library
Hit Counter
free hit counter